| 000 | 03421nam0a2200409 4500 | ||
|---|---|---|---|
| 001 | RU\NLR\BIBL_A\012550858 | ||
| 005 | 20210817113336.0 | ||
| 010 |
_a978-5-6041237-9-9 _91000 |
||
| 021 |
_aRU _bКН-П-21-007231 _9КН-П-21-0569 |
||
| 035 | _a(NLR Aleph) 012550858 | ||
| 035 | _a(RuMoRGB)010571388 | ||
| 090 |
_a12429345 _c12429345 |
||
| 100 | _a20210622d2020 u y0rusy50 ca | ||
| 101 | 0 | _arus | |
| 102 | _aRU | ||
| 105 | _aac||j|||000yy | ||
| 181 | 0 |
_ai _baxxe |
|
| 182 | 0 | _an | |
| 200 | 1 |
_aФотодинамическая терапия: иммуномодулирующий метод в онкогинекологии _eучебное пособие для системы послевузовского профессионального образования врачей _eдля использования в образовательных учреждениях, реализующих основные образовательные программы высшего образования подготовки кадров высшей квалификации в ординатуре по специальности 31.08.57 "Онкология" _fКараулов А. В., Афанасьев М. С., Петрищев Н. Н. [и др.] _gпод ред. А. В. Караулова [и др.] _gФГАОУ ВО Первый Московский государственный медицинский университет имени И. М. Сеченова Министерства здравоохранения Российской Федерации, ФГБОУ ВО Первый Санкт-Петербургский государственный медицинский университет имени академика И. П. Павлова Министерства здравоохранения Российской Федерации |
|
| 203 |
_aТекст _bвизуальный _cнепосредственный |
||
| 210 |
_aМосква _cКонтакт _d2020 |
||
| 215 |
_a142, [1] с. _cтабл., цв. ил., портр. _d30 см |
||
| 300 | _aНа 140-й с. авт.: Караулов А.В. - д.м.н., проф., акад. РАН, Афанасьев М.С. - д.м.н, проф., Петрищев Н.Н. - д.м.н., проф., засл. деят. науки РФ | ||
| 300 | _aНа обл. авт. не указаны | ||
| 320 | _aБиблиогр.: с. 113-127 (163 назв.) | ||
| 606 | 1 |
_aОнкогинекологические болезни _jУчебные издания для последипломного образования _xФотодинамическая терапия _92485252 _3RU\NLR\AUTH\6601691408 |
|
| 686 | 1 | _aР569.71-543я77 | |
| 701 | 1 |
_7ca _8rus _aКараулов _bА. В. _cд-р мед. наук _gАлександр Викторович _924363 _3RU\NLR\AUTH\7741415 |
|
| 701 | 1 |
_7ca _8rus _aАфанасьев _bМ. С. _cд-р мед. наук _gМаксим Станиславович _9218545 _3RU\NLR\AUTH\770218601 |
|
| 701 | 1 |
_aПетрищев _bН. Н. _gНиколай Николаевич |
|
| 712 | 0 | 2 |
_4570 _aМосковский государственный медицинский университет им. И. М. Сеченова _c1 _9836500 _3RU\NLR\AUTH\8810170316 |
| 942 | _cBOOK | ||
| 980 | _aNBR | ||
| 980 | _aNB | ||